| 000 | 00569nam a22001337a 4500 | ||
|---|---|---|---|
| 040 | _cRUA | ||
| 082 | _aAGR THO 2011 B050 Or.1 | ||
| 100 | _aTHO, SREYLEAK | ||
| 245 | _aRice cropping systems in baray district, kampong thom province ប្រព័ន្ធដាំដុះដំណាំស្រូវ នៅស្រុកបារាយណ៍ខេត្តកំពង់ធំ | ||
| 260 |
_aPhnom Penh _bRUA _c2011 |
||
| 300 |
_axii, 56p. _bill. _c29cm. |
||
| 856 | _uhttps://drive.google.com/file/d/1HZhKG4zixmyR99gsCsqVe4NZK8GLpJEX/view?usp=sharing | ||
| 942 | _cAGR | ||
| 999 |
_c1340 _d1340 |
||